• 首页
  • 本馆介绍
  • 公告通知
  • 最新文献
  • 馆藏检索
  • 电子资源
  • 读者导购
  • 参考咨询
  • 我的图书馆
  • 登录
  • 详细信息显示
  • 放入我的书架
  • 预约/预借图书
  • 作者相关作品
  • 分类相关作品
  • 丛书相关作品
  • 出版社相关作品

书目信息

  • 表格格式
  • 工作单格式
  • 卡片格式
题名:
三维空间数据建模
    
 
作者: 肯尼迪 著 ;戴红 , 翁敬农 , 李金贵 译
分册:  
出版信息: 北京   清华大学出版社  2013.01
页数: 11,279页
开本: 26cm
丛书名:
单 册:
中图分类: P236
科图分类:
主题词: 三维--空间测量--数据处理 , 三维 , 空间测量 , 数据处理
电子资源:
ISBN: 978-7-302-30221-6
000 01104nam0 2200313 450
001 010700144297
005 20130608085900.35
010    @a978-7-302-30221-6@dCNY59.00
100    @a20121225d2013 em y0chiy50 ea
101 1  @achi@ceng
102    @aCN@b110000
105    @aa z 000yy
106    @ar
200 1  @a三维空间数据建模@9san wei kong jian shu ju jian mo@f(美)K. Heather Kennedy著@g戴红,翁敬农,李金贵译
210    @a北京@c清华大学出版社@d2013.01
215    @a11,279页@c图@d26cm
305    @a由John Wiley & Sons Inc.授权
330    @a本书是有关三维空间数据的入门书,介绍如何用ArcGIS 3D Analyst和Google Earth操作空间数据。全书共10章,包括:三维数据基础:用ArcGIS 3D Analyst和Google Earth建模;ArcScene中的三维显示等。
606 0  @a三维@x空间测量@x数据处理
606 0  @a三维
606 0  @a空间测量
606 0  @a数据处理
690    @aP236@v5
701  0 @c(美)@a肯尼迪@9ken ni di@c(Kennedy, K. Heather)@4著
702  0 @a戴红@9dai hong@4译
702  0 @a翁敬农@9weng jing nong@4译
702  0 @a李金贵@9li jin gui@4译
801  0 @aCN@bRENTIAN@c20121225
905    @dP236@e201
    
    三维空间数据建模/(美)K. Heather Kennedy著/戴红,翁敬农,李金贵译.-北京:清华大学出版社,2013.01
    11,279页:图;26cm
    
    
    ISBN 978-7-302-30221-6:CNY59.00
    本书是有关三维空间数据的入门书,介绍如何用ArcGIS 3D Analyst和Google Earth操作空间数据。全书共10章,包括:三维数据基础:用ArcGIS 3D Analyst和Google Earth建模;ArcScene中的三维显示等。
●
相关链接 在E读中查询图书 在五车中查询图书 在当当中查询图书 在豆瓣中查询图书


正题名:三维空间数据建模     索取号:P236/201         预约/预借

序号 登录号 条形码 馆藏地/架位号 状态 备注
1 0544054   205440548   第二样本阅览室/ [索取号:P236/201] 在馆    
2 0544055   205440557   第三借阅区/ [索取号:P236/201] 在馆    
3 0544056   205440566   第三借阅区/ [索取号:P236/201] 在馆    
4 0544057   205440575   第三借阅区/ [索取号:P236/201] 在馆    
5 0544058   205440584   密集书库-资源管理系/ [索取号:P236/201] 在馆    
唐山师范学院图书馆 欢迎您!
大连网信软件有限公司© 版权所有